[Event "Moscow RUS"]
[Site "?"]
[Date "1967.??.??"]
[Round "?"]
[White "Dvoretzky Mark"]
[Black "Vaganian Rafael Agred"]
[Result "0-1"]
[WhiteElo "2460"]
[BlackElo "2640"]
[PlyCount "76"]
[EventDate "1967.??.??"]
[Source "www.chesslib.no"]
[SourceDate "2004.05.04"]

1. c4 c6 2. Nf3 d5 3. b3 Nf6 4. Bb2 Bf5 5. e3 e6 6. Be2 h6 7. O-O Be7 8. Nc3 Nbd7 9. Rc1 O-O 10. cxd5 exd5 11. Na4 Bd6 12. a3 Qe7 13. b4 a5 14. b5 c5 15. Qb3 Bg4 16. Rfe1 Rfe8 17. h3 Bh5 18. Nh4 Qe4 19. g4 Bg6 20. Bf3 Qe6 21. Nxg6 fxg6 22. Bxf6 c4 23. Qc2 Nxf6 24. Qxg6 Qe5 25. Bg2 Qh2+ 26. Kf1 Ne4 27. Re2 Ng3+ 28. fxg3 Rf8+ 29. Qf5 Rxf5+ 30. gxf5 Qxg3 31. Bxd5+ Kh8 32. Bg2 Qe5 33. Nb6 Rf8 34. Nxc4 Qxf5+ 35. Ke1 Bg3+ 36. Kd1 Qxb5 37. d4 Qb3+ 38. Rcc2 b5 0-1

[Event "Bucharest ROM"]
[Site "Bucharest ROM"]
[Date "1996.??.??"]
[Round "?"]
[White "Badea, Bela"]
[Black "Rogozenko, Dorian"]
[Result "1/2-1/2"]
[WhiteElo "2520"]
[BlackElo "2430"]
[PlyCount "42"]
[EventDate "1996.??.??"]
[Source "www.chesslib.no"]
[SourceDate "2004.05.04"]

1. c4 c6 2. Nf3 d5 3. b3 Nf6 4. Bb2 Bg4 5. e3 e6 6. h3 Bxf3 7. Qxf3 Bd6 8. Nc3 O-O 9. g4 Nbd7 10. g5 Ne8 11. h4 a6 12. Qh3 Qe7 13. f4 b5 14. cxd5 cxd5 15. f5 Be5 16. d4 Bd6 17. O-O-O Ba3 18. Bxa3 Qxa3+ 19. Kb1 Rc8 20. fxe6 Rxc3 21. exd7 Rxb3+ 1/2-1/2

[Event "It (Open) Moscow RUS"]
[Site "?"]
[Date "2006.02.11"]
[Round "5"]
[White "Iljushin Alexei"]
[Black "Sumets Andrey"]
[Result "1/2-1/2"]
[WhiteElo "2483"]
[BlackElo "2461"]
[PlyCount "30"]
[EventDate "2006.??.??"]
[Source "www.chesslib.no"]
[SourceDate "2004.05.04"]

1. c4 c6 2. Nf3 d5 3. b3 Nf6 4. Bb2 e6 5. g3 Bd6 6. Bg2 O-O 7. O-O Nbd7 8. d4 b6 9. Nbd2 Bb7 10. Qc2 Qe7 11. e4 Nxe4 12. Nxe4 dxe4 13. Ne5 Nf6 14. Qe2 c5 15. dxc5 Bxc5 1/2-1/2

[Event "Moscow RUS"]
[Site "?"]
[Date "2005.02.18"]
[Round "4"]
[White "Mesropov Konstantin"]
[Black "Luch Michal"]
[Result "1/2-1/2"]
[WhiteElo "2404"]
[BlackElo "2417"]
[PlyCount "62"]
[EventDate "2005.??.??"]
[Source "www.chesslib.no"]
[SourceDate "2004.05.04"]

1. c4 c6 2. Nf3 d5 3. b3 Nf6 4. Bb2 Bg4 5. g3 Bxf3 6. exf3 dxc4 7. bxc4 Na6 8. Be2 e6 9. O-O Qb6 10. Qc2 Bc5 11. Nc3 Bd4 12. Rab1 Rd8 13. Na4 Qc7 14. c5 Nb8 15. Qc4 e5 16. Ba3 O-O 17. Rb3 Nbd7 18. Rfb1 Rb8 19. Nc3 Rfc8 20. Ne4 Nxe4 21. fxe4 b6 22. cxb6 axb6 23. Qc2 Nf6 24. Rc1 Ra8 25. Kg2 Ra7 26. Bc5 h6 27. Qb1 b5 28. Bxb5 Rca8 29. a3 Ra4 30. d3 Bxc5 31. Qc2 Bd6 1/2-1/2

[Event "Passau op 4th"]
[Site "?"]
[Date "1996.??.??"]
[Round "3"]
[White "Bezold Michael"]
[Black "Juergens Vera"]
[Result "1-0"]
[WhiteElo "2495"]
[BlackElo "2320"]
[PlyCount "85"]
[EventDate "1996.??.??"]
[Source "www.chesslib.no"]
[SourceDate "2004.05.04"]

1. c4 c6 2. Nf3 d5 3. b3 Nf6 4. Bb2 Bf5 5. g3 Nbd7 6. Bg2 e6 7. O-O Be7 8. d3 O-O 9. Nbd2 h6 10. a3 a5 11. Qc2 Bh7 12. Bc3 b5 13. cxd5 cxd5 14. b4 Rc8 15. Qb3 Qc7 16. Rac1 a4 17. Qb2 Qb8 18. Ne5 Qd6 19. Ndf3 Rxc3 20. Qxc3 d4 21. Qc7 Nxe5 22. Nxe5 Qxc7 23. Rxc7 Bd6 24. Rc5 Bxc5 25. bxc5 Rc8 26. Nc6 Kf8 27. Rb1 Nd7 28. Rxb5 e5 29. Bd5 Bf5 30. f4 f6 31. Ra5 Ke8 32. fxe5 fxe5 33. Rxa4 Nxc5 34. Ra7 Be6 35. Bf3 Nd7 36. a4 Bh3 37. Kf2 g5 38. a5 Nf6 39. Nxe5 Rc1 40. g4 h5 41. gxh5 g4 42. Bc6+ Kd8 43. h6 1-0

[Event "Maestros vs Olavarria Tandil"]
[Site "?"]
[Date "2002.??.??"]
[Round "?"]
[White "Arambel Sergio Javier"]
[Black "Felgaer Ruben"]
[Result "0-1"]
[WhiteElo "2245"]
[BlackElo "2552"]
[PlyCount "78"]
[EventDate "2002.??.??"]
[Source "www.chesslib.no"]
[SourceDate "2004.05.04"]

1. c4 c6 2. Nf3 d5 3. b3 Nf6 4. Bb2 Bf5 5. g3 e6 6. Bg2 h6 7. O-O Be7 8. d3 O-O 9. Nbd2 Bh7 10. Qc2 Nbd7 11. Ne5 Nxe5 12. Bxe5 Nd7 13. Bc3 a5 14. Qb2 Bf6 15. a3 Qb6 16. Bxf6 Nxf6 17. Rab1 Nd7 18. b4 axb4 19. axb4 Ra4 20. b5 Qa5 21. Nb3 Qb4 22. bxc6 bxc6 23. Nd4 Qxb2 24. Rxb2 c5 25. Nc6 dxc4 26. dxc4 Rxc4 27. Rd1 Nf6 28. Rb7 Rc2 29. Bf3 Be4 30. Bxe4 Nxe4 31. Rdd7 Rxe2 32. Rdc7 Rxf2 33. Ne7+ Kh8 34. Rb1 Rc2 35. Nc6 Ng5 36. Ne5 Rd8 37. h4 Nh3+ 38. Kh1 Rdd2 39. Ng4 h5 0-1

[Event "Oberwart (open)"]
[Site "?"]
[Date "2004.07.11"]
[Round "2.4"]
[White "Stanec Nikolaus"]
[Black "Muehlenhaus Sven"]
[Result "1-0"]
[WhiteElo "2562"]
[BlackElo "2224"]
[PlyCount "63"]
[EventDate "2004.??.??"]
[Source "www.chesslib.no"]
[SourceDate "2004.05.04"]

1. c4 c6 2. Nf3 d5 3. b3 Nf6 4. Bb2 Bf5 5. d3 e6 6. Nbd2 Nbd7 7. Nh4 Bg4 8. h3 Bh5 9. g4 Bg6 10. Bg2 Qc7 11. Qc2 Bd6 12. e3 Be5 13. Nxg6 Bxb2 14. Qxb2 hxg6 15. d4 g5 16. O-O-O O-O-O 17. Kb1 Kb8 18. Rc1 Qd6 19. b4 Ka8 20. Rc3 Rh7 21. c5 Qc7 22. Ka1 Rdh8 23. Rb1 Ne4 24. Nxe4 dxe4 25. b5 f5 26. Ra3 cxb5 27. Qxb5 g6 28. Qa4 b6 29. f3 bxc5 30. fxe4 Nb6 31. exf5+ Kb8 32. Rxb6+ 1-0

[Event "Melbourne zt"]
[Site "Melbourne AUS"]
[Date "1975.??.??"]
[Round "5"]
[White "Balinas, Rosendo C"]
[Black "Tan Lian-Ann"]
[Result "0-1"]
[WhiteElo "2355"]
[BlackElo "2360"]
[PlyCount "76"]
[EventDate "1975.01.??"]
[Source "www.chesslib.no"]
[SourceDate "2004.05.04"]

1. c4 c6 2. Nf3 d5 3. b3 Nf6 4. Bb2 Bf5 5. d3 e6 6. Nh4 dxc4 7. Nxf5 exf5 8. bxc4 Bc5 9. e3 f4 10. d4 Bb4+ 11. Nc3 fxe3 12. fxe3 Ne4 13. Qc2 Qe7 14. Ke2 Bxc3 15. Bxc3 O-O 16. g3 Qe6 17. Kf3 Ng5+ 18. Kg2 Nd7 19. h4 Ne4 20. Bd3 Ndf6 21. h5 Rfe8 22. Be1 Ng4 23. Qe2 Nef6 24. Bd2 Nxe3+ 25. Qxe3 Qxe3 26. Bxe3 Rxe3 27. Rad1 Rae8 28. Rh4 g5 29. hxg6 fxg6 30. Kf2 R3e7 31. Rf4 Kg7 32. Bb1 h5 33. Rf3 Ng4+ 34. Kg1 Re3 35. Kg2 Re2+ 36. Kf1 Rb2 37. Ra3 Rf8+ 38. Kg1 Nf2 0-1

[Event "HUN-chT2 9697"]
[Site "?"]
[Date "1996.??.??"]
[Round "2"]
[White "Csala Imre"]
[Black "Szuhanek Ranko"]
[Result "1/2-1/2"]
[WhiteElo "2325"]
[BlackElo "2385"]
[PlyCount "48"]
[EventDate "1996.??.??"]
[Source "www.chesslib.no"]
[SourceDate "2004.05.04"]

1. c4 c6 2. Nf3 d5 3. b3 Nf6 4. Bb2 e6 5. e3 Be7 6. Be2 O-O 7. O-O Nbd7 8. d3 b6 9. Nbd2 Bb7 10. cxd5 cxd5 11. Rc1 Rc8 12. Rc2 b5 13. a3 b4 14. axb4 Bxb4 15. Rxc8 Qxc8 16. Qa1 a5 17. Rc1 Qb8 18. d4 Ne4 19. Rc2 Rc8 20. Qc1 Ndf6 21. h3 g6 22. Nb1 Rxc2 23. Qxc2 Qc8 24. Qxc8+ Bxc8 1/2-1/2

[Event "Olavarria schev"]
[Site "?"]
[Date "2001.12.15"]
[Round "1.2"]
[White "Arambel Sergio Javier"]
[Black "Tempone Marcelo Javier"]
[Result "0-1"]
[WhiteElo "2225"]
[BlackElo "2437"]
[PlyCount "98"]
[EventDate "2001.??.??"]
[Source "www.chesslib.no"]
[SourceDate "2004.05.04"]

1. c4 c6 2. Nf3 d5 3. b3 Nf6 4. Bb2 Bg4 5. g3 Bxf3 6. exf3 e6 7. Bg2 Nbd7 8. O-O g6 9. d4 Bg7 10. Nd2 O-O 11. f4 Re8 12. Re1 Qc7 13. Nf3 dxc4 14. bxc4 Rad8 15. Qb3 c5 16. Rab1 cxd4 17. Bxd4 b6 18. Rbc1 Nc5 19. Qa3 Nfd7 20. Bxg7 Kxg7 21. Nd4 Nf6 22. Nc6 Nd3 23. Nxd8 Rxd8 24. Qc3 Nxe1 25. Rxe1 Qc5 26. a4 Qd4 27. Rc1 Qxc3 28. Rxc3 Rd1+ 29. Bf1 Ra1 30. Kg2 Ne4 31. Re3 Nc5 32. g4 Rxa4 33. f5 gxf5 34. gxf5 exf5 35. Re7 Kf6 36. Rc7 Ra2 37. Kg1 Ne6 38. Rb7 Ra1 39. Rb8 Rb1 40. Rh8 Kg7 41. Ra8 a5 42. Ra7 Kf6 43. Kg2 Rb2 44. Kg3 Nc5 45. Bg2 Ne4+ 46. Bxe4 fxe4 47. c5 bxc5 48. Rxa5 Rc2 49. h4 Kf5 0-1

[Event "Ch Hungary team"]
[Site "?"]
[Date "2001.??.??"]
[Round "11"]
[White "Gyurkovics Miklos"]
[Black "Krutti Valer"]
[Result "0-1"]
[WhiteElo "2265"]
[BlackElo "2396"]
[PlyCount "114"]
[EventDate "2001.??.??"]
[Source "www.chesslib.no"]
[SourceDate "2004.05.04"]

1. c4 c6 2. Nf3 d5 3. b3 Nf6 4. Bb2 Bf5 5. g3 e6 6. Bg2 Nbd7 7. O-O Be7 8. d3 h6 9. Nbd2 O-O 10. a3 a5 11. Qc2 Bh7 12. Bc3 Bd6 13. Qb2 Qb8 14. b4 axb4 15. axb4 Rxa1 16. Rxa1 e5 17. cxd5 cxd5 18. Nb3 Re8 19. Bh3 Nb6 20. Ne1 Bg6 21. Na5 Bh5 22. Nf3 Qc7 23. Qb3 Qe7 24. Re1 Nh7 25. Nh4 Ng5 26. Bg2 Bg4 27. Nf3 Nh3+ 28. Kf1 Rc8 29. Bd2 e4 30. Ng1 Nxg1 31. Kxg1 exd3 32. exd3 Qc7 33. Bxd5 Nxd5 34. Qxd5 Be6 35. Qxb7 Qc2 36. Nc4 Rxc4 37. dxc4 Qxd2 38. Rxe6 fxe6 39. Qc8+ Kh7 40. c5 Qd1+ 41. Kg2 Qd5+ 42. Kh3 Be5 43. Qa6 Bd4 44. Qd3+ Qf5+ 45. Qxf5+ exf5 46. c6 Bb6 47. f3 g5 48. g4 f4 49. Kg2 Kg6 50. Kf1 Kf6 51. Ke2 Ke5 52. Kd3 Kd5 53. b5 Ba5 54. Ke2 Kc4 55. Kf2 Kxb5 56. Ke2 Kc4 57. Kf2 Kd5 0-1

[Event "Bagneux"]
[Site "?"]
[Date "2001.07.14"]
[Round "6.2"]
[White "Mohandesi Shahin"]
[Black "Payen Arnaud"]
[Result "1/2-1/2"]
[WhiteElo "2305"]
[BlackElo "2353"]
[PlyCount "106"]
[EventDate "2001.??.??"]
[Source "www.chesslib.no"]
[SourceDate "2004.05.04"]

1. c4 c6 2. Nf3 d5 3. b3 Nf6 4. Bb2 Bf5 5. g3 e6 6. Bg2 h6 7. O-O Be7 8. d3 O-O 9. Nbd2 Nbd7 10. Qc2 Bh7 11. Bc3 a5 12. Qb2 b5 13. Qc2 Qb6 14. Rab1 Qa6 15. Ne5 Nxe5 16. Bxe5 Nd7 17. Bb2 Rfc8 18. Rbc1 Rab8 19. cxd5 cxd5 20. Qb1 Bg5 21. Rxc8+ Rxc8 22. Nf3 Be7 23. Rc1 b4 24. Rc2 Bd6 25. Qc1 Rxc2 26. Qxc2 Kf8 27. h4 Bg6 28. Bh3 Qb7 29. Kf1 Kg8 30. Ke1 Qa6 31. Kd2 a4 32. Bd4 axb3 33. axb3 Bh5 34. g4 Bg6 35. h5 Bh7 36. Qb2 Bf4+ 37. Be3 Nc5 38. Bxf4 Nxd3 39. exd3 Qxd3+ 40. Ke1 Qxf3 41. Qc1 Bd3 42. Qe3 Qh1+ 43. Kd2 Be4 44. Bd6 Bf3 45. Bf1 Bxg4 46. Ke1 Qxh5 47. Bxb4 e5 48. Bd6 Qg6 49. f3 Qxd6 50. fxg4 e4 51. Be2 Qe5 52. Qc5 Qg3+ 53. Kd2 Qxb3 1/2-1/2

[Event "Eger Europe Chess"]
[Site "?"]
[Date "2001.02.22"]
[Round "7"]
[White "Habibi Ali"]
[Black "Kiss Pal"]
[Result "1/2-1/2"]
[WhiteElo "2255"]
[BlackElo "2400"]
[PlyCount "28"]
[EventDate "2001.??.??"]
[Source "www.chesslib.no"]
[SourceDate "2004.05.04"]

1. c4 c6 2. Nf3 d5 3. b3 Nf6 4. Bb2 Bg4 5. e3 e6 6. Be2 Nbd7 7. d3 Bd6 8. Nbd2 O-O 9. Qc2 a5 10. a3 Qe7 11. h3 Bh5 12. O-O h6 13. Rfe1 Bg6 14. Bf1 e5 1/2-1/2

[Event "NRW-Liga II 9596"]
[Site "GER"]
[Date "1996.??.??"]
[Round "?"]
[White "Pieper-Emden, Carsten"]
[Black "Woerdemann, Martin"]
[Result "1/2-1/2"]
[WhiteElo "2345"]
[BlackElo "2305"]
[PlyCount "167"]
[EventDate "1995.??.??"]
[Source "www.chesslib.no"]
[SourceDate "2004.05.04"]

1. c4 c6 2. Nf3 d5 3. b3 Nf6 4. Bb2 Bg4 5. Ne5 Bh5 6. g3 Nbd7 7. Bg2 Nxe5 8. Bxe5 e6 9. O-O Bd6 10. Bxd6 Qxd6 11. cxd5 cxd5 12. Nc3 O-O 13. d4 Rac8 14. Qd2 Qb4 15. Rfc1 Rc6 16. a3 Qxb3 17. Rab1 Qxa3 18. Ra1 Qb4 19. Ra4 Qb3 20. Rxa7 Rfc8 21. Nd1 h6 22. Rxc6 Rxc6 23. Ra2 Qb1 24. Rb2 Qa1 25. Ra2 Qc1 26. f3 Bg6 27. Kf2 Qxd2 28. Rxd2 Rc2 29. Rxc2 Bxc2 30. Nc3 Bb3 31. e3 Bc4 32. Bf1 Bxf1 33. Kxf1 Kf8 34. Ke2 Ke7 35. Kd3 Kd6 36. Nb5+ Kc6 37. Na7+ Kb6 38. Nc8+ Kc7 39. Na7 Ne8 40. e4 dxe4+ 41. fxe4 Nd6 42. e5 Nc8 43. Nb5+ Kc6 44. Nc3 f6 45. exf6 gxf6 46. g4 Ne7 47. Ne4 Nd5 48. Nc5 Nf4+ 49. Ke4 b6 50. Nb3 Nd5 51. Nd2 b5 52. Kd3 f5 53. gxf5 exf5 54. Nf3 Nf4+ 55. Ke3 Ng6 56. Nd2 Kd5 57. Nb3 Nf8 58. Na1 Ne6 59. Nc2 Kc4 60. Na3+ Kb4 61. Nb1 Nc7 62. Kf4 Kb3 63. Kxf5 b4 64. Nd2+ Kc3 65. Ne4+ Kxd4 66. Nd2 Kc3 67. Ne4+ Kd3 68. Nc5+ Kc4 69. Nb7 Kd4 70. Na5 Kc3 71. Kg6 Nd5 72. Kxh6 Ne3 73. Nb7 Ng4+ 74. Kg5 Nxh2 75. Kf4 Nf1 76. Kf3 Nd2+ 77. Ke2 Ne4 78. Na5 Nc5 79. Kd1 Nd3 80. Ke2 Nc5 81. Kd1 Ne4 82. Kc1 Nd2 83. Kd1 Nc4 84. Nxc4 1/2-1/2

[Event "Vrbas IT"]
[Site "Vrbas"]
[Date "1994.??.??"]
[Round "11"]
[White "Janov, Viktor"]
[Black "Cabarkapa, Velibor"]
[Result "0-1"]
[WhiteElo "2285"]
[BlackElo "2285"]
[PlyCount "75"]
[EventDate "1994.??.??"]
[Source "www.chesslib.no"]
[SourceDate "2004.05.04"]

1. c4 c6 2. Nf3 d5 3. b3 Nf6 4. Bb2 e6 5. g3 Bc5 6. d4 Be7 7. Bg2 Nbd7 8. Nbd2 O-O 9. Qc2 Qc7 10. O-O h6 11. Rfd1 Re8 12. Rac1 Bf8 13. e4 dxe4 14. Nxe4 Nxe4 15. Qxe4 Qa5 16. a3 Qb6 17. Qc2 a5 18. Rd3 Rb8 19. Re1 Rd8 20. Rde3 Nf6 21. h3 Be7 22. g4 Nh7 23. Ne5 Nf6 24. Kh1 Nd7 25. Nxf7 Kxf7 26. Rxe6 Bf6 27. f4 Nf8 28. c5 Qc7 29. R6e4 Be6 30. g5 hxg5 31. fxg5 Bxg5 32. Rxe6 Nxe6 33. Qf5+ Bf6 34. Qxe6+ Kf8 35. Qf5 Qf7 36. Re6 Bxd4 37. Qxf7+ Kxf7 38. Re2 0-1

[Event "Sauerland Stern Hotel op 1st"]
[Site "?"]
[Date "2001.07.06"]
[Round "2"]
[White "Fromm Christian"]
[Black "Senff Martin"]
[Result "1/2-1/2"]
[WhiteElo "2097"]
[BlackElo "2459"]
[PlyCount "54"]
[EventDate "2001.??.??"]
[Source "www.chesslib.no"]
[SourceDate "2004.05.04"]

1. c4 c6 2. Nf3 d5 3. b3 Nf6 4. Bb2 Bg4 5. d3 Nbd7 6. Nbd2 e6 7. a3 Bd6 8. Qc2 O-O 9. h3 Bh5 10. g3 e5 11. Bg2 Re8 12. e4 dxe4 13. dxe4 a5 14. O-O Qb6 15. Bc3 Bg6 16. Nh4 Bc5 17. Nxg6 hxg6 18. Nf3 Rad8 19. Kh2 Bd4 20. Bxd4 exd4 21. Nd2 Nc5 22. Rae1 d3 23. Qc3 a4 24. b4 Nb3 25. e5 Nxd2 26. Qxd2 Nh7 27. f4 Rd4 1/2-1/2

[Event "Brno (Czech Republic)"]
[Site "?"]
[Date "2004.07.06"]
[Round "4"]
[White "Pestov Sergei M"]
[Black "Snorek Milan"]
[Result "1-0"]
[WhiteElo "2370"]
[BlackElo "2183"]
[PlyCount "61"]
[EventDate "2004.??.??"]
[Source "www.chesslib.no"]
[SourceDate "2004.05.04"]

1. c4 c6 2. Nf3 d5 3. b3 Nf6 4. Bb2 Bg4 5. Ne5 Bf5 6. e3 e6 7. Be2 Nbd7 8. f4 dxc4 9. bxc4 Qb6 10. Qc1 h5 11. O-O Nc5 12. Ba3 Nce4 13. Bxf8 Kxf8 14. d3 Nc5 15. Nc3 Qa5 16. d4 Nce4 17. Nxe4 Nxe4 18. a4 Qc3 19. Qxc3 Nxc3 20. Bf3 Ke7 21. Ra3 Ne4 22. Rb3 b6 23. Nxc6+ Kd6 24. Ne5 Rhf8 25. Rd1 f6 26. c5+ Kc7 27. cxb6+ axb6 28. Rc1+ Kb7 29. Nd7 Rfc8 30. Rxc8 Rxc8 31. Nc5+ 1-0

[Event "SVK-ch op"]
[Site "?"]
[Date "2000.09.03"]
[Round "9"]
[White "Demeter Peter"]
[Black "Mrkonjic Nenad"]
[Result "1-0"]
[WhiteElo "2259"]
[BlackElo "2289"]
[PlyCount "101"]
[EventDate "2000.??.??"]
[Source "www.chesslib.no"]
[SourceDate "2004.05.04"]

1. c4 c6 2. Nf3 d5 3. b3 Nf6 4. Bb2 Bf5 5. g3 e6 6. Bg2 h6 7. O-O Be7 8. d3 O-O 9. Nc3 Nbd7 10. cxd5 cxd5 11. Re1 Rc8 12. a3 Qb6 13. Na4 Qa6 14. Qd2 Rfd8 15. Rec1 b5 16. Nc3 Qb6 17. Nd4 Bc5 18. Ncxb5 a6 19. b4 axb5 20. bxc5 Rxc5 21. Nxf5 Rxc1+ 22. Rxc1 exf5 23. Qb4 Re8 24. Bd4 Qe6 25. e3 Rb8 26. Qb2 g5 27. f4 Ra8 28. Rc3 Ra4 29. Rb3 Ng4 30. Qc1 Rxd4 31. exd4 Qe2 32. Rb2 Qxd3 33. Qd2 Qxa3 34. fxg5 Qa1+ 35. Bf1 Ne3 36. Qxe3 Qxb2 37. gxh6 Kh7 38. Bd3 Nf8 39. Bxf5+ Ng6 40. h4 Qa1+ 41. Kg2 Qb2+ 42. Kh3 Qa1 43. h5 Qd1 44. g4 Qh1+ 45. Kg3 Qh4+ 46. Kg2 b4 47. hxg6+ fxg6 48. g5 gxf5 49. Qe7+ Kg6 50. Qe8+ Kxg5 51. Qe7+ 1-0

[Event "HUN Ch U18"]
[Site "Paks HUN"]
[Date "1994.??.??"]
[Round "?"]
[White "Ruck, Robert"]
[Black "Radnoti, Gergely"]
[Result "1-0"]
[WhiteElo "2420"]
[BlackElo "2090"]
[PlyCount "53"]
[EventDate "1994.??.??"]
[Source "www.chesslib.no"]
[SourceDate "2004.05.04"]

1. c4 c6 2. Nf3 d5 3. b3 Nf6 4. Bb2 Nbd7 5. g3 e6 6. Bg2 Bd6 7. O-O O-O 8. Nc3 Qe7 9. d4 dxc4 10. bxc4 e5 11. e3 b6 12. Nh4 Nb8 13. Qc2 g6 14. Nb5 exd4 15. Nxd6 Qxd6 16. Bxd4 Nbd7 17. Rad1 Qe6 18. Bb2 Ba6 19. Rd4 Ne5 20. Rfd1 Nxc4 21. Ba1 Ne5 22. Rd6 Qe7 23. Nf5 gxf5 24. Qxf5 Rfd8 25. Bxe5 Rxd6 26. Qg5+ Kh8 27. Rxd6 1-0

[Event "POL-ch U16"]
[Site "?"]
[Date "1998.??.??"]
[Round "?"]
[White "Gratka Krzysztof"]
[Black "Szulc Michal"]
[Result "1-0"]
[WhiteElo "2300"]
[BlackElo "2165"]
[PlyCount "63"]
[EventDate "1998.??.??"]
[Source "www.chesslib.no"]
[SourceDate "2004.05.04"]

1. c4 c6 2. Nf3 d5 3. b3 Nf6 4. Bb2 Bf5 5. g3 e6 6. Bg2 Nbd7 7. O-O Be7 8. d3 O-O 9. Nbd2 h6 10. a3 a5 11. Qc2 Bh7 12. Bc3 b5 13. cxb5 cxb5 14. b4 Rc8 15. Qb3 a4 16. Qb2 Re8 17. Rac1 Bd6 18. Be5 Nxe5 19. Nxe5 Qb6 20. Ndf3 Red8 21. Rc2 Rxc2 22. Qxc2 Ne8 23. Rc1 f6 24. Nc6 Rd7 25. Nfd4 Nc7 26. e4 dxe4 27. dxe4 Kh8 28. Qe2 Bf8 29. e5 fxe5 30. Nf3 Rd3 31. Nfxe5 Rd6 32. Nf7+ 1-0

[Event "Ch Moscow (for the Deaf)"]
[Site "Moscow RUS"]
[Date "1996.??.??"]
[Round "?"]
[White "Salov, Sergei"]
[Black "Smirnov, Andrey"]
[Result "1-0"]
[WhiteElo "2270"]
[BlackElo "2193"]
[PlyCount "55"]
[EventDate "1996.??.??"]
[Source "www.chesslib.no"]
[SourceDate "2004.05.04"]

1. c4 c6 2. Nf3 d5 3. b3 Nf6 4. Bb2 e6 5. g3 Bc5 6. Qc2 Ne4 7. e3 O-O 8. Bg2 Na6 9. a3 Be7 10. d3 Nf6 11. O-O Nc5 12. b4 Ncd7 13. Nbd2 b6 14. e4 c5 15. bxc5 Nxc5 16. e5 Nfd7 17. d4 Ne4 18. Nxe4 dxe4 19. Nd2 Bb7 20. Bxe4 Bxe4 21. Nxe4 Rc8 22. Qe2 Kh8 23. Rac1 Qc7 24. d5 Bc5 25. Qh5 Kg8 26. dxe6 g6 27. Qh6 fxe6 28. Ng5 1-0

[Event "It Open"]
[Site "Mainz GER"]
[Date "1995.??.??"]
[Round "7"]
[White "Frumson, Y."]
[Black "Nowik, Volker"]
[Result "1/2-1/2"]
[WhiteElo "2285"]
[BlackElo "2175"]
[PlyCount "97"]
[EventDate "1995.??.??"]
[Source "www.chesslib.no"]
[SourceDate "2004.05.04"]

1. c4 c6 2. Nf3 d5 3. b3 Nf6 4. Bb2 Bf5 5. g3 e6 6. Bg2 Be7 7. O-O O-O 8. d4 Nbd7 9. Nbd2 Ne4 10. Ne5 Nxd2 11. Qxd2 Nxe5 12. dxe5 dxc4 13. Qxd8 Raxd8 14. e4 Bg6 15. bxc4 Rd2 16. Bc3 Rd3 17. Rfc1 Ba3 18. Bf1 Rxc3 19. Rxc3 Bb2 20. Rac1 Bxc3 21. Rxc3 Bxe4 22. Ra3 Ra8 23. f3 Bg6 24. c5 Bc2 25. Kf2 Kf8 26. Ke3 Ke8 27. h4 h6 28. f4 Kd7 29. g4 Kc7 30. Bc4 Bd1 31. g5 Bg4 32. Kf2 h5 33. Ke3 Bf5 34. Ra4 Rd8 35. Be2 a6 36. Rd4 Ra8 37. Bxh5 g6 38. Bf3 Rh8 39. Rd1 Rxh4 40. Rh1 Rxh1 41. Bxh1 Bb1 42. a3 Ba2 43. Be4 b5 44. Kd4 a5 45. Kc3 Bc4 46. Bc2 Kb7 47. Be4 Bd5 48. Bd3 Ka6 49. Be2 1/2-1/2

[Event "Budapest HUN"]
[Site "?"]
[Date "2003.04.22"]
[Round "9"]
[White "Papp Gabor"]
[Black "Koczo Kristof"]
[Result "1-0"]
[WhiteElo "2333"]
[BlackElo "2086"]
[PlyCount "99"]
[EventDate "2003.??.??"]
[Source "www.chesslib.no"]
[SourceDate "2004.05.04"]

1. c4 c6 2. Nf3 d5 3. b3 Nf6 4. Bb2 Bg4 5. e3 e6 6. cxd5 cxd5 7. Be2 Nc6 8. O-O Be7 9. d3 O-O 10. Nbd2 Rc8 11. a3 Qd7 12. b4 a6 13. Rc1 Rc7 14. h3 Bh5 15. Nb3 Rfc8 16. Nc5 Qd8 17. Qb3 Na5 18. Qa4 Bxc5 19. Qxa5 Bd6 20. g4 Bg6 21. Rxc7 Bxc7 22. Qa4 Qd7 23. Qxd7 Nxd7 24. Rc1 Nb6 25. Be5 Bxe5 26. Rxc8+ Nxc8 27. Nxe5 Nb6 28. f4 f6 29. Nf3 Kf8 30. Nd4 Bf7 31. Nb3 Na4 32. Nc5 Nxc5 33. bxc5 e5 34. fxe5 fxe5 35. g5 Be8 36. d4 exd4 37. exd4 Ke7 38. Kf2 Bd7 39. h4 h6 40. Ke3 hxg5 41. hxg5 Bf5 42. Kf4 Ke6 43. Bf1 Be4 44. Bh3+ Ke7 45. Bc8 b6 46. cxb6 Kd6 47. Bxa6 Kc6 48. b7 Kc7 49. Ke5 g6 50. Bc4 1-0

[Event "Civil Service-ch XI"]
[Site "Leeds"]
[Date "2001.07.26"]
[Round "2"]
[White "Ledger, Andrew"]
[Black "Brusey, Alan W"]
[Result "1-0"]
[WhiteElo "2400"]
[BlackElo "2008"]
[PlyCount "113"]
[EventDate "2001.07.25"]
[Source "www.chesslib.no"]
[SourceDate "2004.05.04"]

1. c4 c6 2. Nf3 d5 3. b3 Nf6 4. Bb2 Bf5 5. g3 h6 6. Bg2 e6 7. d3 Be7 8. Nbd2 O-O 9. O-O Nbd7 10. Qc2 Bh7 11. a3 a5 12. Bc3 Qc7 13. Qb2 c5 14. cxd5 exd5 15. Rac1 Qb6 16. d4 a4 17. dxc5 Nxc5 18. b4 Nce4 19. Bd4 Qb5 20. e3 Rac8 21. Bh3 Rc6 22. Ne5 Rxc1 23. Rxc1 Ng5 24. Bf1 Qe8 25. Ndf3 Ne6 26. Qe2 Qa8 27. Qb5 Be4 28. Bb2 Rd8 29. Nd4 Bd6 30. Nxe6 fxe6 31. Bh3 Bf5 32. Bxf5 exf5 33. Nf3 Kf7 34. Bxf6 Kxf6 35. Rd1 Be7 36. Rxd5 Rxd5 37. Qxd5 Qc8 38. Kg2 g6 39. Ne5 Qd8 40. Nd7+ Kg7 41. Qxb7 h5 42. h4 Kh6 43. Ne5 Qf8 44. Kf3 Qf6 45. Qc7 g5 46. hxg5+ Kxg5 47. Kg2 Kh6 48. f4 Qg7 49. Qc6+ Kh7 50. Qe6 Qf6 51. Qxf6 Bxf6 52. Kf3 Be7 53. Nc4 Kg6 54. e4 fxe4+ 55. Kxe4 h4 56. gxh4 Bxh4 57. Nb6 1-0

[Event "Oberliga Baden 9697"]
[Site "?"]
[Date "1997.04.27"]
[Round "9.2"]
[White "Koch Hans Juergen"]
[Black "Metz Hartmut"]
[Result "0-1"]
[WhiteElo "2065"]
[BlackElo "2310"]
[PlyCount "84"]
[EventDate "1997.??.??"]
[Source "www.chesslib.no"]
[SourceDate "2004.05.04"]

1. c4 c6 2. Nf3 d5 3. b3 Nf6 4. Bb2 Bf5 5. d3 e6 6. g3 Be7 7. Bg2 Nbd7 8. O-O h6 9. Nbd2 O-O 10. Qc2 Bh7 11. Rfc1 Re8 12. a3 a5 13. Bc3 c5 14. cxd5 exd5 15. Ne5 Nxe5 16. Bxe5 Qd7 17. Qb2 Qe6 18. Nf3 Ra6 19. Rc2 Bf8 20. Rac1 Nd7 21. Bc3 Rea8 22. Be1 Rb6 23. Qa2 Be7 24. Kf1 Nb8 25. Rb2 Nc6 26. Qb1 Rba6 27. Qa2 Bg6 28. Bd2 Rb6 29. Be3 d4 30. Bf4 a4 31. bxa4 Qxa2 32. Rxa2 Rxa4 33. Nd2 Bf5 34. Nc4 Rb3 35. Bxc6 bxc6 36. f3 Be6 37. Ne5 Bd5 38. Nd7 Rb7 39. Nxc5 Bxc5 40. Rxc5 Bxa2 41. Rxc6 Rxa3 42. Rd6 Ra4 0-1

[Event "GER"]
[Site "?"]
[Date "2006.03.04"]
[Round "8"]
[White "Romakin Helene"]
[Black "Nill Jessica"]
[Result "1/2-1/2"]
[WhiteElo "2022"]
[BlackElo "2339"]
[PlyCount "93"]
[EventDate "2006.??.??"]
[Source "www.chesslib.no"]
[SourceDate "2004.05.04"]

1. c4 c6 2. Nf3 d5 3. b3 Nf6 4. Bb2 Bf5 5. d3 e6 6. g3 h6 7. Bg2 Be7 8. O-O O-O 9. Nbd2 a5 10. Re1 Bh7 11. e4 Na6 12. cxd5 cxd5 13. Ne5 Rc8 14. Rc1 dxe4 15. dxe4 Rxc1 16. Qxc1 Qb8 17. Ndc4 Rc8 18. Qd1 Bb4 19. Re2 b5 20. Ne3 Bf8 21. N3g4 Nxg4 22. Nxg4 h5 23. Ne5 Nc5 24. Re3 f6 25. Nd3 Rd8 26. Qe2 Qd6 27. Nxc5 Qd1+ 28. Bf1 Qxe2 29. Bxe2 Bxc5 30. Rd3 Rxd3 31. Bxd3 b4 32. Kg2 Kf7 33. f4 Ke7 34. Kf3 Bg6 35. h3 Be8 36. Bc4 Bc6 37. Bc1 Kd6 38. Be3 f5 39. Bd3 g6 40. Bxc5+ Kxc5 41. Ke3 a4 42. exf5 axb3 43. axb3 exf5 44. Bc4 Bd5 45. Bxd5 Kxd5 46. h4 Kc5 47. Kd3 1/2-1/2